Wine production technology in the United States : (Record no. 4821)

MARC details
000 -LEADER
fixed length control field 01248nam a2200289 4500
001 - CONTROL NUMBER
control field 2299661
005 - DATE AND TIME OF LATEST TRANSACTION
control field 20150414102358.0
008 - FIXED-LENGTH DATA ELEMENTS--GENERAL INFORMATION
fixed length control field 000
010 ## - LIBRARY OF CONGRESS CONTROL NUMBER
LC control number 80028041
020 ## - INTERNATIONAL STANDARD BOOK NUMBER
International Standard Book Number 0841205957
International Standard Book Number 0841206023 (pbk.)
040 ## - CATALOGING SOURCE
Original cataloging agency UOEL
Transcribing agency DLC
Modifying agency DLC
043 ## - GEOGRAPHIC AREA CODE
Geographic area code n-us---
050 00 - LIBRARY OF CONGRESS CALL NUMBER
Classification number TP557
Item number .W69
082 00 - DEWEY DECIMAL CLASSIFICATION NUMBER
Classification number 663/.22/0973
Edition number 19
245 00 - TITLE STATEMENT
Title Wine production technology in the United States :
Remainder of title a symposium /
Statement of responsibility, etc sponsored by the Division of Industrial and Engineering Chemistry at the Second Chemical Congress of the North American Continent, 180th ACS National Meeting, Las Vegas, Nevada, August 26, 1980 ; Maynard A. Amerine, editor.
260 ## - PUBLICATION, DISTRIBUTION, ETC. (IMPRINT)
Place of publication, distribution, etc Washington, D.C. :
Name of publisher, distributor, etc American Chemical Society,
Date of publication, distribution, etc 1981.
300 ## - PHYSICAL DESCRIPTION
Extent x, 229 p. :
Other physical details ill. ;
Dimensions 24 cm.
490 1# - SERIES STATEMENT
Series statement ACS symposium series ;
Volume number/sequential designation 145
International Standard Serial Number 0097-6156
504 ## - BIBLIOGRAPHY, ETC. NOTE
Bibliography, etc Includes bibliographical and index.
650 #0 - SUBJECT ADDED ENTRY--TOPICAL TERM
Topical term or geographic name as entry element Wine and wine making
Geographic subdivision United States
General subdivision Elctrical engineering, Electronics. Nulear engineering
Source of heading or term Congresses
700 1# - ADDED ENTRY--PERSONAL NAME
Personal name Amerine, M. A.
Fuller form of name (Maynard Andrew),
Dates associated with a name 1911-
710 2# - ADDED ENTRY--CORPORATE NAME
Corporate name or jurisdiction name as entry element American Chemical Society.
Subordinate unit Division of Industrial and Engineering Chemistry.
830 #0 - SERIES ADDED ENTRY--UNIFORM TITLE
Uniform title ACS symposium series ;
Volume number/sequential designation 145.
906 ## - LOCAL DATA ELEMENT F, LDF (RLIN)
a 7
b cbc
c orignew
d 1
e ocip
f 19
g y-gencatlg
942 ## - ADDED ENTRY ELEMENTS (KOHA)
Source of classification or shelving scheme Library of Congress Classification
Item type Loan - Normal on open shelf
Holdings
Withdrawn status Lost status Source of classification or shelving scheme Damaged status Not for loan Home library Current library Shelving location Date acquired Total Checkouts Full call number Barcode Date last seen Copy number Price effective from Koha item type
    Library of Congress Classification     UOE Main Library UOE Main Library Open shelf 14/04/2015   TP557 .W69 10043812 14/04/2015 10043812 14/04/2015 Loan - Normal on open shelf
    Library of Congress Classification     UOE Main Library UOE Main Library Open shelf 20/04/2015   TP557 .W69 10043808 20/04/2015 10043808 20/04/2015 Loan - Normal on open shelf
    Library of Congress Classification     UOE Main Library UOE Main Library Open shelf 20/04/2015   TP557 .W69 10043813 20/04/2015 10043813 20/04/2015 Loan - Normal on open shelf
    Library of Congress Classification     UOE Main Library UOE Main Library Open shelf 20/04/2015   TP557 .W69 10043810 20/04/2015 10043810 20/04/2015 Loan - Normal on open shelf
    Library of Congress Classification     UOE Main Library UOE Main Library Open shelf 20/04/2015   TP557 .W69 10043809 20/04/2015 10043809 20/04/2015 Loan - Normal on open shelf
    Library of Congress Classification     UOE Main Library UOE Main Library Open shelf 21/04/2015   TP557 .W69 10043806 21/04/2015 10043806 21/04/2015 Loan - Normal on open shelf
    Library of Congress Classification     UOE Main Library UOE Main Library Open shelf 21/04/2015   TP557 .W69 10043807 21/04/2015 10043807 21/04/2015 Loan - Normal on open shelf
    Library of Congress Classification     UOE Main Library UOE Main Library Open shelf 21/04/2015   TP557 .W69 10043811 21/04/2015 10043811 21/04/2015 Loan - Normal on open shelf